| 000 | 00835nam a22002177a 4500 | ||
|---|---|---|---|
| 999 |
_c9022 _d9022 |
||
| 003 | AR-CdUCM | ||
| 008 | 190327b ||||| |||| 00| 0 spa d | ||
| 020 | _a978-987-02-9458-0 | ||
| 040 |
_aMUNICIPALIDAD PROVINCIAL DEL CUSCO _cBIBLIOTECA MUNICIPAL DEL CUSCO |
||
| 082 |
_a982.034 / _bG81 |
||
| 100 |
_aGrillo, Horacio Augusto _924969 |
||
| 245 |
_aNuestro San Martín : _balgunas reflexiones acerca del General José de San Martín / |
||
| 260 |
_aBuenos Aires : _bDunken, _c2016. |
||
| 300 |
_a129 páginas ; _c22.5 cm. |
||
| 505 | _aSu origen -- Su gesta española -- Los motivos de su alejamiento de España -- Arribo y combate de San Lorenzo -- Encuentro con Belgrano ... | ||
| 650 |
_aHistoria _9136 |
||
| 650 |
_aGuerras de la Independencia, _93034 |
||
| 650 |
_aAmérica del Sur _9742 |
||
| 942 |
_2ddc _cLIBROS |
||
| 945 | _aacv | ||